| 000 | 00804nam a2200241 a 4500 | ||
|---|---|---|---|
| 005 | 20200104041532.0 | ||
| 008 | 140305b2001 ec ||||| |||| 00| 0 spa d | ||
| 040 |
_aCO-BoIAVH _cCO-BoIAVH |
||
| 041 | _aspa | ||
| 044 | _aec | ||
| 090 |
_aLB _b02260 |
||
| 100 |
_aGierhake, Klaus _915991 |
||
| 245 | _aArticulación espacial de la economía regional servicios y comercio como base para una zonificación económica en la zona aledaña oriental del Parque Nacional Sangay, Ecuador | ||
| 260 |
_aQuito _bComisión de la Unión Europea _c2001 |
||
| 300 | _a97 | ||
| 650 |
_aEconomía _941400 |
||
| 650 |
_aAspectos socioeconómicos _941401 |
||
| 650 |
_aUso del suelo _93216 |
||
| 650 |
_aDesarrollo sostenible _9278 |
||
| 662 | _aEcuador | ||
| 700 |
_aGottsmann, Thorsten _915995 |
||
| 942 |
_cINFORME _2z |
||
| 999 |
_c2445 _d2445 |
||